000 01200cam a22003011 4500
999 _c21030
_d21030
001 9605728
003 OSt
005 20200518111916.0
008 790312s1900 enkbfj b 001 0 eng
010 _a 04018463
020 _a8171510043
035 _a(OCoLC)4734393
040 _coclc
042 _apremarc
043 _aa------
_af------
050 0 0 _aDS234
_b.A38 1900
082 _a953
_bALI/S
100 _aAli, Syed Ameer
_d1849-1928.
_92190
245 1 2 _aA short history of the Saracens;
_bbeing a concise account of the rise and decline of the Saracenic power, and of the economic, social and intellectual development of the Arab nation from the earliest times to the destruction of Bagdad, and the expulsion of the Moors from Spain. /
_cSyed Ameer Ali
250 _a6th Ed.
260 _aNew Delhi:
_bKitab Bhavan,
_c2001.
300 _axix, 640 p.
_bgeneal. tables, fold. maps, plates.
_c19 cm.
504 _a"Bibliographical index": p. 629-630.
650 0 _92271
_aHistory & geography
_vIslamic History
651 0 _aIslamic countries
_xHistory.
906 _a7
_bcbc
_coclcrpl
_du
_encip
_f19
_gy-gencatlg
942 _2ddc
_cBK
_h953
_iALI/S
_k953
_mALI/S